000 00814nam a2200229 a 4500
001 48910
003 BD-RjUL
005 20211209054615.0
008 160817s1978 bg ||||| |||| 00| p ben d
020 _c: Tk. 14.00
035 _a(BD-RjUL)49029
040 _aBD-RjUL
_bben
_cBD-RjUL
041 _aben
082 _223
_a891.44108
_bHAM 1978
100 _aহক, মোজাম্মেল
_9147341
245 1 0 _aমোজাম্মেল হকের কাব্য সংকলন /
_cমোজাম্মেল হক
260 _aঢাকা :
_bমুক্তধারা,
_c১৯৭৮
300 _a[১৮], ১৭৪ পৃ. ;
_c১৯ সেমি
650 _aবাংলা কবিতা
_xসংগ্রহ
_9126131
650 _aBengali Poetry
_xCollection
_9126132
942 _2ddc
_cBK
999 _c48910
_d48910